Shackled warrior : (Record no. 27708)

MARC details
000 -LEADER
campo de control de longitud fija 01530cam a2200385 a 4500
001 - NÚMERO DE CONTROL
campo de control 111900
005 - FECHA Y HORA DE LA ÚLTIMA TRANSACCIÓN
campo de control 20230410103901.0
008 - DATOS DE LONGITUD FIJA--INFORMACIÓN GENERAL
campo de control de longitud fija 080904s2008 is 000 0 eng d
035 ## - NÚMERO DE CONTROL DEL SISTEMA
Número de control de sistema 15438832
010 ## - NÚMERO DE CONTROL DE LA BIBLIOTECA DEL CONGRESO
Número de control de LC 2008357361
020 ## - NÚMERO INTERNACIONAL ESTÁNDAR DEL LIBRO
Número Internacional Estándar del Libro 9789652294159
020 ## - NÚMERO INTERNACIONAL ESTÁNDAR DEL LIBRO
Número Internacional Estándar del Libro 9652294152
035 ## - NÚMERO DE CONTROL DEL SISTEMA
Número de control de sistema (OCoLC)ocn232338400
040 ## - FUENTE DE CATALOGACIÓN
Centro catalogador/agencia de origen JRF
Centro/agencia transcriptor JRF
Centro/agencia modificador YDXCP
-- BAKER
-- BTCTA
-- CUS
-- DLC
042 ## - CÓDIGO DE AUTENTICACIÓN
Código de autenticación lccopycat
043 ## - CÓDIGO DE ÁREA GEOGRÁFICA
Código de área geográfica a-is---
050 14 - SIGNATURA TOPOGRÁFICA DE LA BIBLIOTECA DEL CONGRESO
Número de clasificación 416 DS 119.76
Número de ítem G559s 2008
082 00 - NÚMERO DE LA CLASIFICACIÓN DECIMAL DEWEY
Número de clasificación 956.05/3
100 1# - ENTRADA PRINCIPAL--NOMBRE DE PERSONA
Nombre de persona Glick, Caroline B.
245 10 - MENCIÓN DEL TÍTULO
Título Shackled warrior :
Resto del título Israel and the global jihad /
Mención de responsabilidad, etc. Caroline B. Glick; foreword by R. James Woolsey
246 30 - FORMA VARIANTE DEL TITULO
Título propio/Titulo breve Israel and the global jihad.
260 ## - PUBLICACIÓN, DISTRIBUCIÓN, ETC.
Lugar de publicación, distribución, etc. Jerusalem ;
-- New York :
Nombre del editor, distribuidor, etc. Gefen Publishing House,
Fecha de publicación, distribución, etc. 2008.
300 ## - DESCRIPCIÓN FÍSICA
Extensión xx, 427 p.;
Dimensiones 24 cm.
500 ## - NOTA GENERAL
Nota general Compilation of commentaries originally published in the Jerusalem post between 2003 and 2007.
505 0# - NOTA DE CONTENIDO CON FORMATO
Nota de contenido con formato The war against Israel --- The war against the free world --- Three: Israel Alone --- The treat of destruction --- Israel's suicide attempt --- The Battle for hearts and minds --- Comtemporary thought police --- European Betrayal --- An Israeli in Iraq --- A light unto the nations.
650 #0 - PUNTO DE ACCESO ADICIONAL DE MATERIA--TÉRMINO DE MATERIA
Término de materia o nombre geográfico como elemento de entrada Arab-Israeli conflict
Subdivisión cronológica 1993-
651 #0 - PUNTO DE ACCESO ADICIONAL DE MATERIA--NOMBRE GEOGRÁFICO
Nombre geográfico Israel
Subdivisión general Politics and government
Subdivisión cronológica 1993-
650 #0 - PUNTO DE ACCESO ADICIONAL DE MATERIA--TÉRMINO DE MATERIA
Término de materia o nombre geográfico como elemento de entrada Terrorism
Subdivisión general Government policy
Subdivisión geográfica Israel.
650 #0 - PUNTO DE ACCESO ADICIONAL DE MATERIA--TÉRMINO DE MATERIA
Término de materia o nombre geográfico como elemento de entrada Terrorism
Subdivisión general Religious aspects
-- Islam.
650 #0 - PUNTO DE ACCESO ADICIONAL DE MATERIA--TÉRMINO DE MATERIA
Término de materia o nombre geográfico como elemento de entrada Jihad.
650 #0 - PUNTO DE ACCESO ADICIONAL DE MATERIA--TÉRMINO DE MATERIA
Término de materia o nombre geográfico como elemento de entrada Islamic fundamentalism.
700 1# - ENTRADA AGREGADA--NOMBRE PERSONAL
Nombre de persona Woolsey, James
942 ## - ELEMENTOS DE ENTRADA SECUNDARIOS (KOHA)
Fuente del sistema de clasificación o colocación Clasificación de Library of Congress
Tipo de ítem Koha
946 ## - PROCESAMIENTO DE INFORMACIÓN LOCAL (OCLC)
a PP
Holdings
Estatus retirado Estado de pérdida Fuente del sistema de clasificación o colocación Estado de daño No para préstamo Colección Biblioteca de origen Biblioteca actual Ubicación en estantería Fecha de adquisición Serial enumeration / chronology Signatura topográfica completa Código de barras Visto por última vez Copia número Tipo de ítem Koha
    Clasificación de Library of Congress     Recursos Regionales Biblioteca Juan Bosch Biblioteca Juan Bosch Recursos Regionales (2do. Piso) 10/04/2023 1 416 DS 119.76 G559s 2008 00000105311 23/10/2018 1